Vzdelávanie a "únik mozgov" v histórii a v súčasnosti

Charakteristika úniku mozgov Jeho história. Príčiny a dôsledky úniku mozgov. Domino efekt. Ekonomické straty. Úloha osobnosti v praxi. Boj proti úniku mozgov.

Guardado en:
Detalles Bibliográficos
Autor principal: Bačišin, Vladimír
Formato: Capítulo de libro
Lenguaje:eslovaco
Materias:
Etiquetas: Agregar Etiqueta
Sin Etiquetas, Sea el primero en etiquetar este registro!

MARC

LEADER 00000naa$a2200000$$$4500
001 0093558
005 20231127101623.3
041 0 |a slo 
044 |a SK 
245 1 0 |a Vzdelávanie a "únik mozgov" v histórii a v súčasnosti  |c Vladimír Bačišin 
520 |a Charakteristika úniku mozgov Jeho história. Príčiny a dôsledky úniku mozgov. Domino efekt. Ekonomické straty. Úloha osobnosti v praxi. Boj proti úniku mozgov. 
610 2 0 |a vzdelávanie 
610 2 0 |a únik mozgov 
610 2 0 |a migrácia 
610 2 0 |a talenty 
100 1 |a Bačišin, Vladimír